| 000 | 00394nam a2200157Ia 4500 | ||
|---|---|---|---|
| 008 | 210719s1952 xx 000 0 und d | ||
| 041 | _aeng | ||
| 082 | _a907.2 TOYG | ||
| 100 | _aTOYNBEE (Arnold J) | ||
| 245 | _aGreek historical thought | ||
| 260 |
_aNew York. _bA Mentor book _c1952 |
||
| 300 | _bPB | ||
| 365 | _cRs | ||
| 650 | _aHistoriography | ||
| 906 | _aGreek ; historical ; thought | ||
| 999 |
_c212626 _d212626 |
||